Doce Vampiro Letra - Rita Lee - Statistics

Estatísticas Gerais
  • Esse quiz foi jogado 3 vezes
  • A pontuação média é 5 de 9
Estatísticas das Respostas
Resposta % Correto
doce
100%
me
100%
meu
100%
vampiro
100%
beijar
33%
uo
33%
uo
33%
Venha
33%
oh
0%
Nenhum quiz correspondente encontrado
Distribuição das Pontuações
Porcentagem de Pessoas com Cada Pontuação
Percentil de Números Respondidos
Sua Pontuação Histórica
Você não jogou esse quiz